Cangrejos arañas (Decapoda: Brachyura: Majoidea) del Caribe colombiano (Registro nro. 15671)

Detalles MARC
000 -CABECERA
Campo de control 003700000a22001210004500
090 ## - CLASIFICACIÓN LOCAL
Colección As
Consecutivo Seriadas
041 0# - IDIOMA
Código de idioma para texto/pista de sonido o título separado
100 1# - ASIENTO PRINCIPAL--NOMBRE PERSONAL
Nombre personal Cruz Castaño, Norella
245 10 - MENCION DE TITULO
Título Cangrejos arañas (Decapoda: Brachyura: Majoidea) del Caribe colombiano
700 1# - ASIENTO SECUNDARIO - NOMBRE PERSONAL
Nombre personal Campos, Néstor Hernando
773 1# - Item fuente:
Título Biota Colombiana
Descripción física 2
Paginas del Articulo 261-269
Lugar, editorial y fecha de publicación 2003
Información sobre la relación 4
942 ## - ELEMENTOS ADICIONALES (KOHA)
Tipo de ítem Artículo

No hay ítems disponibles.